Ce renouveau (Reprise) - La Reine des Neiges (Paroles) - Statistiques

Statistiques générales
  • Ce quiz a été pris 191 fois
  • Le résultat moyen est 151 sur 201
Statistiques - réponses
Paroles % Correct
le
98%
Le
98%
la
95%
Anna Ne
94%
ne
94%
ce
93%
Elsa Ce
93%
renouveau
93%
à
92%
de
92%
je
92%
Je
92%
pas
92%
ma
91%
me
91%
Me
91%
fêter
89%
dans
88%
Tu
88%
tu
88%
veux
88%
va
87%
avec
86%
sœur
86%
toi
86%
au
85%
et
85%
qui
85%
porte
84%
Elsa Anna
83%
Car
83%
droit
83%
du
83%
est
83%
mais
83%
n'as
83%
sort
83%
temps
83%
délivrée
82%
Anna | Elsa Non
82%
Tout
82%
vie
82%
Elsa Moi
81%
plus
81%
sorte
81%
des
80%
voilà
80%
claque
79%
courant
79%
crois
79%
dois
79%
figée
79%
fuir
79%
Rentre
79%
vous
79%
avoir
78%
fini
78%
Hors
78%
libérée
78%
main
78%
m'en
78%
Nous
78%
nous
78%
peur
78%
quitter
78%
royaume
78%
sera
78%
vais
78%
Anna Arendelle
75%
sembles
75%
seras
75%
soleil
75%
Elsa Ni
74%
ni
74%
sauvée
74%
seule
74%
comment
73%
ces
72%
changer
72%
libre
71%
sais
71%
t'attend
71%
destin
70%
ton
69%
Éloigne-toi
68%
fardeau
68%
Anna Oui
68%
souffrir
68%
vas
68%
si
67%
intense
64%
sens
64%
don
63%
pire
63%
désespérer
60%
Ouvre-toi
59%
Elsa Dites-moi
58%
libérerons
58%
n'ont
58%
Anna Pour
58%
promesses
58%
Elsa Toutes
57%
belles
56%
faut
56%
jamais
54%
cet
53%
sortir
53%
qu'il
51%
n'auras
48%
cette
47%
Elsa Adieu
46%
reviendra
42%
Anna Parce
40%
Anna Rassure-toi
33%
Elsa Ah
30%
ah
30%
sommes
29%
ferons
28%
hiver
28%
torpeur
28%
Anna Ensemble
25%
mauvais
24%
deux
22%
Anna Face
20%
jours
18%
Anna Quand
17%
disparaîtra
16%
heureux
14%
revivrons
13%
Aucun quiz correspondant
Distribution des résultats
% des personnes avec chaque résultat
Percentile par nombre de réponses
Votre historique - résultats
Vous n’avez pas pris ce quiz